000
00250nam a2200097Ia 4500
001
679728
005
20250826161101.0
008
250824s9999 xx 000 0 und d
245
0
_a
GOLAT KALESİ TUTSAĞI
_c
İSMET BERTAN
260
_b
GÜNIŞIĞI YAYINLARI
999
_c
679728
_d
679728